000
00228nam a2200085Ia 4500
008
120527s9999 xx 000 0 und d
100
_a
EGBERT,M.Kipp
245
_a
People aspects attracting and retailing K&D personnel.
942
_c
BK
999
_c
24231
_d
24231